Cílování inflace a členství v mechanizmu ERM II: alternativní pohled vůči teorii optimální měnové oblasti

Teória optimálnych menových oblastí (OCA). Problematika cieľovania inflácie a súčasného členstva v mechanizme ERM II. V príspevku sú citované niektoré práce, ktorých výsledky sú v niektorých prípadoch prekvapivé a neodpovedajú záverom teórie OCA.

Salvato in:
Dettagli Bibliografici
Autore principale: Kučerová, Zuzana
Natura: Capitolo di libro
Lingua:ceco
Soggetti:
Tags: Aggiungi Tag
Nessun Tag, puoi essere il primo ad aggiungerne!!

MARC

LEADER 00000naa$a2200000$$$4500
001 0037159
005 20221019105020.5
041 0 |a cze 
044 |a SK 
245 1 0 |a Cílování inflace a členství v mechanizmu ERM II: alternativní pohled vůči teorii optimální měnové oblasti  |c Zuzana Kučerová 
520 |a Teória optimálnych menových oblastí (OCA). Problematika cieľovania inflácie a súčasného členstva v mechanizme ERM II. V príspevku sú citované niektoré práce, ktorých výsledky sú v niektorých prípadoch prekvapivé a neodpovedajú záverom teórie OCA. 
610 2 0 |a teória zón menových optimálnych 
610 2 0 |a ERM 
610 2 0 |a oblasti menové 
610 2 0 |a eurozóna 
100 1 |a Kučerová, Zuzana